Intikhaab Qalam Dagh (Record no. 587484)
[ view plain ]
| 000 -LEADER | |
|---|---|
| fixed length control field | 00233nam a22001097a 4500 |
| 040 ## - CATALOGING SOURCE | |
| Transcribing agency | DLC |
| 082 ## - DEWEY DECIMAL CLASSIFICATION NUMBER | |
| Classification number | 891.4391 |
| Author Mark | DAG |
| 100 ## - MAIN ENTRY--PERSONAL NAME | |
| Personal name | Dag |
| 9 (RLIN) | 87233 |
| 245 ## - TITLE STATEMENT | |
| Title | Intikhaab Qalam Dagh |
| Statement of responsibility, etc. | Mir Taqi Mir |
| 260 ## - PUBLICATION, DISTRIBUTION, ETC. | |
| Place of publication, distribution, etc. | ? |
| Name of publisher, distributor, etc. | ? |
| Date of publication, distribution, etc. | ? |
| 942 ## - ADDED ENTRY ELEMENTS (KOHA) | |
| Source of classification or shelving scheme | |
| Koha item type | Book |
| Withdrawn status | Lost status | Source of classification or shelving scheme | Damaged status | Not for loan | Permanent Location | Current Location | Date acquired | Total Checkouts | Full call number | Barcode | Checked out | Date last seen | Date last checked out | Price effective from | Koha item type |
|---|---|---|---|---|---|---|---|---|---|---|---|---|---|---|---|
| School of Civil and Environmental Engineering (SCEE) | School of Civil and Environmental Engineering (SCEE) | 12/31/2021 | 2 | 891.4391 DAG | NIT-7803 | 06/14/2024 | 05/15/2024 | 05/15/2024 | 12/31/2021 | Book |
